[Event "CYCC U08"]
[Site "Vancouver CAN"]
[Date "2012.07.05"]
[Round "6"]
[White "Zhou, Aiden"]
[Black "Huang, Patrick"]
[Result "0-1"]
[WhiteElo "768"]
[BlackElo "790"]
[PlyCount "66"]
[GameId "2160767909508429"]
[EventDate "2012.07.03"]
[EventType "swiss"]
[EventRounds "7"]
[EventCountry "CAN"]
[SourceTitle "EXT 2022"]
[Source "ChessBase"]
[SourceDate "2021.10.06"]
[SourceVersion "1"]
[SourceVersionDate "2021.10.06"]
[SourceQuality "1"]

1. e4 c5 2. Nf3 Nc6 3. d4 cxd4 4. Nxd4 e6 5. Nc3 Nf6 6. Nxc6 bxc6 7. e5 Nd5 8. Ne4 Be7 9. Bd3 Qc7 10. f4 Qb6 11. c4 Nc7 12. Qb3 Qd4 13. Qc3 Qb6 14. c5 Qb7 15. Nd6+ Bxd6 16. exd6 Nd5 17. Qxg7 Rf8 18. O-O Qb4 19. Bxh7 Qxc5+ 20. Kh1 Ba6 21. Rg1 Qxd6 22. Qe5 Qe7 23. Be4 Qh4 24. Bxd5 cxd5 25. f5 Rc8 26. f6 Kd8 27. Qd6 Rh8 28. h3 Bc4 29. Qe7+ Kc7 30. Qxf7 Qg3 31. Rd1 Rce8 32. Rd2 Rxh3+ 33. Kg1 Qe1# 0-1

[Event "CYCC U08"]
[Site "Vancouver CAN"]
[Date "2012.07.05"]
[Round "7"]
[White "Allard, Max"]
[Black "Wu, James"]
[Result "1-0"]
[WhiteElo "801"]
[BlackElo "626"]
[PlyCount "69"]
[GameId "2160767909508430"]
[EventDate "2012.07.03"]
[EventType "swiss"]
[EventRounds "7"]
[EventCountry "CAN"]
[SourceTitle "EXT 2022"]
[Source "ChessBase"]
[SourceDate "2021.10.06"]
[SourceVersion "1"]
[SourceVersionDate "2021.10.06"]
[SourceQuality "1"]

1. e4 e5 2. Nf3 Nc6 3. Bb5 Nf6 4. Nc3 Bb4 5. d3 d6 6. O-O Bg4 7. Nd5 Nxd5 8. exd5 Bxf3 9. Qxf3 O-O 10. dxc6 bxc6 11. Bxc6 Rb8 12. Qg3 Qf6 13. Bg5 Qg6 14. f4 exf4 15. Rxf4 Bd2 16. Be4 Bxf4 17. Qxf4 Qe6 18. Re1 Rxb2 19. Bxh7+ Kxh7 20. Rxe6 Rb1+ 21. Kf2 fxe6 22. Qxf8 Rb2 23. Kg3 Rxc2 24. Qf3 Kg6 25. Qe4+ Kxg5 26. h4+ Kf6 27. Qf4+ Ke7 28. Qg5+ Kf7 29. h5 Rc5 30. Qg6+ Kg8 31. h6 Kf8 32. Qxg7+ Ke8 33. h7 Rh5 34. Qg6+ Ke7 35. Qxh5 1-0

[Event "CYCC U08"]
[Site "Vancouver CAN"]
[Date "2012.07.05"]
[Round "7"]
[White "James, Rowan"]
[Black "Washimkar, Arhant"]
[Result "0-1"]
[WhiteElo "1052"]
[BlackElo "1145"]
[PlyCount "36"]
[GameId "2160767909508431"]
[EventDate "2012.07.03"]
[EventType "swiss"]
[EventRounds "7"]
[EventCountry "CAN"]
[SourceTitle "EXT 2022"]
[Source "ChessBase"]
[SourceDate "2021.10.06"]
[SourceVersion "1"]
[SourceVersionDate "2021.10.06"]
[SourceQuality "1"]

1. e4 e5 2. Nf3 Nc6 3. Bc4 Bc5 4. c3 Nf6 5. d3 d6 6. Be3 Bb6 7. Nbd2 d5 8. exd5 Nxd5 9. Bxd5 Qxd5 10. O-O Qxd3 11. Bxb6 axb6 12. Ng5 O-O 13. Qh5 h6 14. Ngf3 e4 15. Ne1 Qxd2 16. Rd1 Qg5 17. Qe2 Re8 18. Nf3 Bg4 0-1

[Event "CYCC U08"]
[Site "Vancouver CAN"]
[Date "2012.07.05"]
[Round "7"]
[White "Pulfer, Ben"]
[Black "Wang, Jackie"]
[Result "1-0"]
[WhiteElo "580"]
[BlackElo "718"]
[PlyCount "25"]
[GameId "2160767909508432"]
[EventDate "2012.07.03"]
[EventType "swiss"]
[EventRounds "7"]
[EventCountry "CAN"]
[SourceTitle "EXT 2022"]
[Source "ChessBase"]
[SourceDate "2021.10.06"]
[SourceVersion "1"]
[SourceVersionDate "2021.10.06"]
[SourceQuality "1"]

1. e4 e5 2. Nc3 Nf6 3. Nf3 Bb4 4. a3 Bxc3 5. dxc3 Nc6 6. Bc4 O-O 7. g3 d6 8. Qd2 Bg4 9. Qe3 Bh5 10. Qg5 a6 11. Qg4 b5 12. Bh6 bxc4 13. Qxg7# 1-0

[Event "CYCC U08"]
[Site "Vancouver CAN"]
[Date "2012.07.06"]
[Round "7"]
[White "Butchart, Kevin"]
[Black "Du, Daniel"]
[Result "0-1"]
[WhiteElo "704"]
[BlackElo "834"]
[PlyCount "62"]
[GameId "2160767909508433"]
[EventDate "2012.07.03"]
[EventType "swiss"]
[EventRounds "7"]
[EventCountry "CAN"]
[SourceTitle "hb 2012"]

1. e4 e5 2. Nf3 Nc6 3. Bb5 a6 4. Ba4 Nf6 5. d3 b5 6. Bb3 Bb7 7. Bg5 h6 8. Bh4 Be7 9. O-O O-O 10. Re1 d6 11. Nc3 Nd7 12. Bxe7 Qxe7 13. Nd5 Qd8 14. Qe2 Ne7 15. c4 Bxd5 16. cxd5 Ng6 17. Rac1 Nc5 18. Bd1 Nf4 19. Qe3 Ncxd3 20. Rc6 Nxe1 21. Nxe1 Rc8 22. Rxa6 Ra8 23. Qa3 Rxa6 24. Qxa6 Qb8 25. Qc6 Ng6 26. Nd3 Qb6 27. Qc3 Rc8 28. Nb4 Ne7 29. Qh3 Qd4 30. Bb3 Qxb4 31. Qd7 Qe1# 0-1

[Event "CYCC U08"]
[Site "Vancouver CAN"]
[Date "2012.07.06"]
[Round "7"]
[White "Jin, Eric"]
[Black "Qu, Leo"]
[Result "0-1"]
[WhiteElo "855"]
[BlackElo "833"]
[PlyCount "116"]
[GameId "2160767909508434"]
[EventDate "2012.07.03"]
[EventType "swiss"]
[EventRounds "7"]
[EventCountry "CAN"]
[SourceTitle "hb 2012"]

1. e4 e6 2. Nc3 d5 3. Bd3 Nf6 4. Nf3 Bb4 5. Qe2 O-O 6. a3 Bxc3 7. dxc3 c5 8. b3 Nc6 9. Be3 Qe7 10. Bd2 Rd8 11. O-O e5 12. Rfe1 d4 13. cxd4 cxd4 14. c3 Bg4 15. c4 Rd7 16. b4 b6 17. a4 Nxb4 18. Rab1 Nxd3 19. Qxd3 Rb8 20. Bb4 Qe8 21. h3 Bxf3 22. Qxf3 a6 23. Bd2 h6 24. c5 bxc5 25. Rxb8 Qxb8 26. Qg3 Kf8 27. Qf3 c4 28. Rc1 c3 29. Be1 Qb3 30. Qf5 Qe6 31. Rb1 Qxf5 32. Rb8+ Ke7 33. exf5 Rc7 34. Rb3 c2 35. Bd2 c1=Q+ 36. Bxc1 Rxc1+ 37. Kh2 Rc7 38. Rb6 a5 39. Rb5 d3 40. Rb2 Rd7 41. Rd2 Ne4 42. Rd1 d2 43. f3 Nf2 44. Rf1 d1=Q 45. Rxd1 Rxd1 46. f4 e4 47. f6+ Kxf6 48. f5 e3 49. g4 e2 50. g5+ hxg5 51. h4 e1=Q 52. hxg5+ Ke7 53. f6+ gxf6 54. gxf6+ Kxf6 55. Kg3 Nh1+ 56. Kg2 Rd3 57. Kh2 Qf2+ 58. Kxh1 Rd1# 0-1

[Event "CYCC U08"]
[Site "Vancouver CAN"]
[Date "2012.07.06"]
[Round "7"]
[White "Low, Kevin"]
[Black "Vettese, Nicholas"]
[Result "1-0"]
[WhiteElo "917"]
[BlackElo "821"]
[PlyCount "49"]
[GameId "2160767909508435"]
[EventDate "2012.07.03"]
[EventType "swiss"]
[EventRounds "7"]
[EventCountry "CAN"]
[SourceTitle "hb 2012"]

1. d4 d5 2. Nf3 Nc6 3. Bf4 Nf6 4. e3 Nh5 5. Bg3 Nxg3 6. hxg3 Bg4 7. Be2 Bf5 8. Nbd2 h6 9. c3 e6 10. Ne5 Nxe5 11. dxe5 Be7 12. g4 Bh7 13. f4 O-O 14. Bf3 Bc5 15. Qe2 a6 16. O-O-O Qd7 17. Rh2 Rad8 18. Rdh1 Rfe8 19. g5 Qe7 20. gxh6 gxh6 21. Rxh6 Bf5 22. Qf2 Qd7 23. Rh8+ Kg7 24. Qg3+ Bg6 25. R1h7# 1-0

[Event "CYCC U08"]
[Site "Vancouver CAN"]
[Date "2012.07.06"]
[Round "7"]
[White "Mann, Kabir"]
[Black "Zhou, Aiden"]
[Result "0-1"]
[WhiteElo "353"]
[BlackElo "768"]
[PlyCount "82"]
[GameId "2160767909508436"]
[EventDate "2012.07.03"]
[EventType "swiss"]
[EventRounds "7"]
[EventCountry "CAN"]
[SourceTitle "hb 2012"]

1. Nf3 d5 2. d4 Nc6 3. e3 Bf5 4. c3 e6 5. Bb5 a6 6. Bxc6+ bxc6 7. Ne5 c5 8. Qh5 g6 9. Qf3 Nf6 10. O-O Bg7 11. Qd1 cxd4 12. Qa4+ Kf8 13. h3 dxc3 14. g4 Bxb1 15. Rxb1 Ne4 16. Qd1 Bxe5 17. f4 Bg7 18. Qf3 Qh4 19. f5 Qg3+ 20. Kh1 Qxf3+ 21. Rxf3 exf5 22. gxf5 gxf5 23. a4 Ke7 24. b4 Ke6 25. b5 axb5 26. axb5 Ke5 27. b6 cxb6 28. Ba3 Rxa3 29. Rbf1 Nd6 30. e4 fxe4 31. R3f2 Rc8 32. h4 c2 33. Rc1 Rac3 34. Rfxc2 Rxc2 35. Rxc2 Rxc2 36. h5 e3 37. h6 Bxh6 38. Kg1 b5 39. Kf1 e2+ 40. Kf2 b4 41. Kg1 b3 0-1

[Event "CYCC U08"]
[Site "Vancouver CAN"]
[Date "2012.07.06"]
[Round "7"]
[White "Mirabelli, Aidan"]
[Black "Huang, Patrick"]
[Result "1-0"]
[WhiteElo "932"]
[BlackElo "790"]
[PlyCount "67"]
[GameId "2160767909508437"]
[EventDate "2012.07.03"]
[EventType "swiss"]
[EventRounds "7"]
[EventCountry "CAN"]
[SourceTitle "hb 2012"]

1. e4 c5 2. Nf3 Nc6 3. d4 cxd4 4. Nxd4 e5 5. Nf3 Nf6 6. Nc3 Bb4 7. Bd3 d6 8. O-O Bg4 9. h3 Bh5 10. Bg5 Bxc3 11. bxc3 h6 12. Bxf6 Qxf6 13. Be2 g5 14. g3 g4 15. hxg4 Bxg4 16. Nh4 Be6 17. Qxd6 Rg8 18. Ng2 Rd8 19. Qc7 Rd7 20. Qc8+ Rd8 21. Qxb7 Bh3 22. Bb5 Rd6 23. Qb8+ Rd8 24. Qxa7 Kf8 25. Qc7 Qf3 26. Ne3 Bxf1 27. Rxf1 Kg7 28. Nf5+ Kg6 29. Nh4+ Kg5 30. Nxf3+ Kg4 31. Qxf7 Rgf8 32. Nh2+ Kg5 33. Qg7+ Kh5 34. Qg4# 1-0

[Event "CYCC U08"]
[Site "Vancouver CAN"]
[Date "2012.07.06"]
[Round "7"]
[White "Pan, Nicholas"]
[Black "Jiang, David"]
[Result "1-0"]
[WhiteElo "709"]
[BlackElo "486"]
[PlyCount "48"]
[GameId "2160767909508438"]
[EventDate "2012.07.03"]
[EventType "swiss"]
[EventRounds "7"]
[EventCountry "CAN"]
[SourceTitle "hb 2012"]

1. e4 e5 2. Bc4 Bc5 3. Qf3 Nf6 4. Qd1 d6 5. Nc3 Ng4 6. Nh3 O-O 7. O-O Nf6 8. Qf3 Bg4 9. Qg3 Bxh3 10. Qxh3 Nc6 11. d3 Ne8 12. Ne2 Nd4 13. Nxd4 Bxd4 14. c3 Bc5 15. Bb3 c6 16. Bd1 h6 17. b4 Bxf2+ 18. Rxf2 Qe7 19. Qf3 Qf6 20. Bb3 Qg6 21. g3 Nf6 22. Ba3 Ng4 23. Re2 Nf6 24. b5 c5 1-0

[Event "CYCC U08"]
[Site "Vancouver CAN"]
[Date "2012.07.06"]
[Round "7"]
[White "Wan, Justin"]
[Black "Zhang, Arthur"]
[Result "0-1"]
[WhiteElo "733"]
[BlackElo "338"]
[PlyCount "22"]
[GameId "2160767909508439"]
[EventDate "2012.07.03"]
[EventType "swiss"]
[EventRounds "7"]
[EventCountry "CAN"]
[SourceTitle "hb 2012"]

1. c4 e5 2. Nc3 Nf6 3. e4 Nc6 4. Nf3 Bc5 5. g3 O-O 6. d3 d6 7. Bg5 Bg4 8. Nd5 Bb4+ 9. Ke2 Nd4+ 10. Ke3 Bxf3 11. Qa4 Ng4# 0-1

[Event "CYCC U08"]
[Site "Vancouver CAN"]
[Date "2012.07.06"]
[Round "7"]
[White "Zhao, Ian"]
[Black "Doknjas, Neil"]
[Result "1/2-1/2"]
[WhiteElo "971"]
[BlackElo "1090"]
[PlyCount "35"]
[GameId "2160767909508440"]
[EventDate "2012.07.03"]
[EventType "swiss"]
[EventRounds "7"]
[EventCountry "CAN"]
[SourceTitle "hb 2012"]

1. e4 e5 2. Nf3 Nf6 3. Nc3 Nc6 4. Be2 Bc5 5. d3 h6 6. O-O d6 7. h3 Be6 8. Be3 Bb6 9. Qd2 Qd7 10. Rad1 O-O 11. Bxh6 gxh6 12. Qxh6 Nh7 13. Ng5 Nxg5 14. Qxg5+ Kh8 15. Qh6+ Kg8 16. Qg5+ Kh8 17. Qh6+ Kg8 18. Qg5+ 1/2-1/2

[Event "CYCC U08"]
[Site "Vancouver CAN"]
[Date "2012.07.06"]
[Round "7"]
[White "Zheng, Victor"]
[Black "Li, Jack"]
[Result "1-0"]
[WhiteElo "846"]
[BlackElo "698"]
[PlyCount "49"]
[GameId "2160767909508441"]
[EventDate "2012.07.03"]
[EventType "swiss"]
[EventRounds "7"]
[EventCountry "CAN"]
[SourceTitle "hb 2012"]

1. e4 e5 2. Nf3 Nc6 3. Bc4 Bc5 4. d3 Nf6 5. Bg5 h6 6. Bh4 d6 7. Nc3 Bg4 8. Nd5 Nd4 9. c3 Nxf3+ 10. gxf3 Bh5 11. Rg1 c6 12. Nxf6+ gxf6 13. Qe2 Qe7 14. O-O-O O-O-O 15. d4 Bb6 16. dxe5 dxe5 17. Rxd8+ Kxd8 18. Qd3+ Kc8 19. Bg3 Rg8 20. Qd2 Bxf3 21. Qxh6 Bxe4 22. Qh3+ Kb8 23. Bxe5+ Ka8 24. Rxg8+ Bd8 25. Qc8# 1-0

[Event "CYCC U08 w"]
[Site "Vancouver CAN"]
[Date "2012.07.03"]
[Round "1"]
[White "Chertkow, Sasha"]
[Black "Zhao, Cindy Ziyi"]
[Result "1-0"]
[WhiteElo "816"]
[BlackElo "753"]
[PlyCount "41"]
[GameId "2160767909508442"]
[EventDate "2012.07.03"]
[EventType "tourn"]
[EventRounds "8"]
[EventCountry "CAN"]
[SourceTitle "hb 2012"]

1. e4 e5 2. Nf3 Nc6 3. Bc4 Bc5 4. Nxe5 Nxe5 5. d4 Bxd4 6. Qxd4 Nxc4 7. Qxc4 Nf6 8. O-O O-O 9. Nc3 d6 10. Bg5 Be6 11. Qd4 c5 12. Qe3 h6 13. Bh4 Qe7 14. Rad1 Rad8 15. e5 dxe5 16. Rxd8 Qxd8 17. Ne4 Bf5 18. Nxf6+ gxf6 19. Qxh6 Qd4 20. Bxf6 Qg4 21. Qh8# 1-0

[Event "CYCC U08 w"]
[Site "Vancouver CAN"]
[Date "2012.07.03"]
[Round "1"]
[White "Tan, Kylie"]
[Black "Guo, Hazel"]
[Result "1-0"]
[WhiteElo "815"]
[BlackElo "889"]
[PlyCount "101"]
[GameId "2160767909508443"]
[EventDate "2012.07.03"]
[EventType "tourn"]
[EventRounds "8"]
[EventCountry "CAN"]
[SourceTitle "hb 2012"]

1. e4 c5 2. d4 cxd4 3. c3 dxc3 4. Nxc3 g6 5. Bc4 Bg7 6. Nf3 h6 7. O-O d6 8. Be3 Nf6 9. e5 dxe5 10. Bxf7+ Kxf7 11. Qxd8 Rxd8 12. Nb5 Nc6 13. Nc7 Rb8 14. b4 Nxb4 15. Bxa7 Nc2 16. Rac1 Bf5 17. Bxb8 Rxb8 18. Nh4 Bd3 19. Rfd1 Rd8 20. Rxc2 Rd7 21. Rc3 Be2 22. Rxd7 Nxd7 23. Re3 Bh5 24. Rd3 Nf6 25. Rb3 Bf8 26. Rxb7 e6 27. a4 Bd1 28. a5 Bc2 29. a6 Be4 30. Rb2 Ba3 31. Ra2 Bd6 32. Nb5 Bd5 33. Nxd6+ Ke7 34. Ra5 Nd7 35. a7 Nb6 36. Nc8+ Nxc8 37. a8=Q Bxa8 38. Rxa8 Nb6 39. Nxg6+ Kf6 40. Ra6 Nd5 41. Ra4 Nc3 42. Ra3 Ne2+ 43. Kf1 Nd4 44. Nh4 Kg5 45. Nf3+ Nxf3 46. gxf3 Kh4 47. Re3 Kh3 48. Rxe5 Kxh2 49. Rxe6 h5 50. Rh6 Kh3 51. Rxh5# 1-0

[Event "CYCC U08 w"]
[Site "Vancouver CAN"]
[Date "2012.07.03"]
[Round "2"]
[White "Guo, Hazel"]
[Black "Chertkow, Sasha"]
[Result "0-1"]
[WhiteElo "889"]
[BlackElo "816"]
[PlyCount "58"]
[GameId "2160767909508444"]
[EventDate "2012.07.03"]
[EventType "tourn"]
[EventRounds "8"]
[EventCountry "CAN"]
[SourceTitle "EXT 2022"]
[Source "ChessBase"]
[SourceDate "2021.10.06"]
[SourceVersion "1"]
[SourceVersionDate "2021.10.06"]
[SourceQuality "1"]

1. e4 e5 2. Nf3 Nc6 3. Nc3 Bb4 4. d3 Nf6 5. a3 Ba5 6. b4 Bb6 7. Be2 O-O 8. O-O d6 9. h3 d5 10. exd5 Nxd5 11. Nxd5 Qxd5 12. c4 Qe6 13. Ng5 Qg6 14. Bh5 Qf5 15. b5 Nd4 16. a4 a5 17. Ba3 Qxg5 18. Bxf8 Bxh3 19. g4 Qf4 20. Re1 Nf3+ 21. Qxf3 Qxf3 22. Bxf7+ Kxf8 23. Bd5 Qxg4+ 24. Kh1 Rd8 25. Bxb7 Rxd3 26. Be4 Rf3 27. Rg1 Qxe4 28. Rac1 Rxf2+ 29. Rg2 Qxg2# 0-1

[Event "CYCC U08 w"]
[Site "Vancouver CAN"]
[Date "2012.07.03"]
[Round "2"]
[White "Murray, Sarah"]
[Black "Tan, Kylie"]
[Result "0-1"]
[WhiteElo "346"]
[BlackElo "815"]
[PlyCount "52"]
[GameId "2160767909508445"]
[EventDate "2012.07.03"]
[EventType "tourn"]
[EventRounds "8"]
[EventCountry "CAN"]
[SourceTitle "EXT 2022"]
[Source "ChessBase"]
[SourceDate "2021.10.06"]
[SourceVersion "1"]
[SourceVersionDate "2021.10.06"]
[SourceQuality "1"]

1. e4 e5 2. Nf3 Nc6 3. Bc4 Nf6 4. Nc3 Bb4 5. Ng5 O-O 6. Nxf7 Rxf7 7. Bxf7+ Kxf7 8. a3 Bxc3 9. dxc3 Nxe4 10. f3 Nf6 11. O-O d6 12. b4 Kg8 13. b5 Na5 14. Qe2 Be6 15. f4 Bc4 16. Qe1 Bxf1 17. Qxf1 exf4 18. Bxf4 Nh5 19. g3 Nxf4 20. gxf4 Qh4 21. Kh1 Rf8 22. f5 g6 23. f6 Rxf6 24. Qe2 Rf2 25. Qe6+ Kf8 26. Kg1 Qxh2# 0-1

[Event "CYCC U08 w"]
[Site "Vancouver CAN"]
[Date "2012.07.04"]
[Round "3"]
[White "Chertkow, Sasha"]
[Black "Murray, Sarah"]
[Result "0-1"]
[WhiteElo "816"]
[BlackElo "346"]
[PlyCount "131"]
[GameId "2160767909508446"]
[EventDate "2012.07.03"]
[EventType "tourn"]
[EventRounds "8"]
[EventCountry "CAN"]
[SourceTitle "EXT 2022"]
[Source "ChessBase"]
[SourceDate "2021.10.06"]
[SourceVersion "1"]
[SourceVersionDate "2021.10.06"]
[SourceQuality "1"]

1. e4 c5 2. Nf3 d6 3. Nc3 Nc6 4. Bb5 Bd7 5. O-O Nf6 6. d3 a6 7. Bc4 b5 8. Bb3 Nd4 9. Nxd4 cxd4 10. Nd5 Nxd5 11. Bxd5 Rb8 12. Qh5 e6 13. Bb3 Be7 14. Qg4 O-O 15. Bh6 Bf6 16. c3 e5 17. Qg3 dxc3 18. bxc3 Qe7 19. c4 Be6 20. Bd1 bxc4 21. dxc4 Bxc4 22. Re1 Rb2 23. h3 Bxa2 24. Bc1 Bh4 25. Qg4 Be6 26. Qf3 Rb7 27. g3 Rbb8 28. g4 Bf6 29. Rxa6 Bc8 30. Ra5 Qe6 31. Ra8 Rxa8 32. Bb3 Qe7 33. Qg3 Bd7 34. g5 Rac8 35. gxf6 Qxf6 36. Bg5 Qg6 37. Bd1 f6 38. h4 fxg5 39. h5 Qf7 40. h6 gxh6 41. Rf1 Rc7 42. Be2 Rfc8 43. f4 exf4 44. Rxf4 Qa2 45. Kf2 Rc1 46. Ke3 R8c3+ 47. Bd3 Qa3 48. Kd4 Qb4+ 49. Ke3 Ra3 50. e5 Qc3 51. Rd4 Rd1 52. Ke4 Re1+ 53. Kd5 dxe5 54. Qh2 exd4 55. Qb8+ Be8 56. Bc4 d3 57. Kc5+ Kg7 58. Qc7+ Kg6 59. Qd6+ Kh5 60. Qh2+ Kg4 61. Qg2+ Kf5 62. Qf3+ Kg6 63. Qg3 Rc1 64. Qd6+ Kf5 65. Qd5+ Qe5 66. Qxe5+ 0-1

[Event "CYCC U08 w"]
[Site "Vancouver CAN"]
[Date "2012.07.04"]
[Round "3"]
[White "Guo, Hazel"]
[Black "Zhao, Cindy Ziyi"]
[Result "1-0"]
[WhiteElo "889"]
[BlackElo "753"]
[PlyCount "85"]
[GameId "2160767909508447"]
[EventDate "2012.07.03"]
[EventType "tourn"]
[EventRounds "8"]
[EventCountry "CAN"]
[SourceTitle "EXT 2022"]
[Source "ChessBase"]
[SourceDate "2021.10.06"]
[SourceVersion "1"]
[SourceVersionDate "2021.10.06"]
[SourceQuality "1"]

1. e4 e5 2. Nf3 Nc6 3. Nc3 Nf6 4. g3 Bb4 5. Bg2 d6 6. h3 O-O 7. d3 Be6 8. O-O Qe7 9. a3 Bxc3 10. bxc3 d5 11. exd5 Bxd5 12. c4 Be6 13. Ng5 h6 14. Ne4 Nxe4 15. dxe4 Rad8 16. Qh5 Bxc4 17. Re1 Qf6 18. g4 Qg6 19. Qxg6 fxg6 20. g5 hxg5 21. Bxg5 Rd4 22. Rad1 Rxd1 23. Rxd1 Be6 24. Be3 b6 25. c3 Na5 26. Rc1 Rc8 27. Bf1 c5 28. Ba6 Rc7 29. Rd1 Kf7 30. Bg5 Bxh3 31. Bd8 Rd7 32. Rxd7+ Bxd7 33. Kg2 Ke6 34. Bc7 b5 35. Bxa5 Kd6 36. Bb7 c4 37. Bd5 Kc5 38. Bb4+ Kb6 39. Kg3 a5 40. Bd6 a4 41. Kh4 Ka5 42. Bb7 Be6 43. Bc7# 1-0

[Event "CYCC U08 w"]
[Site "Vancouver CAN"]
[Date "2012.07.04"]
[Round "4"]
[White "Murray, Sarah"]
[Black "Zhao, Cindy Ziyi"]
[Result "1-0"]
[WhiteElo "387"]
[BlackElo "753"]
[PlyCount "100"]
[GameId "2160767909508448"]
[EventDate "2012.07.03"]
[EventType "tourn"]
[EventRounds "8"]
[EventCountry "CAN"]
[SourceTitle "hb 2012"]

1. e4 e5 2. Nf3 Nc6 3. Nc3 Nf6 4. Bc4 Bc5 5. Ng5 O-O 6. O-O d6 7. Nxf7 Rxf7 8. Bxf7+ Kxf7 9. d3 Kg8 10. Bg5 h6 11. Bxf6 Qxf6 12. Nd5 Qf7 13. Qf3 Qxf3 14. gxf3 Bh3 15. Rfd1 Re8 16. Nxc7 Re7 17. Nd5 Rd7 18. a3 Bd4 19. c3 Bb6 20. Nxb6 axb6 21. b4 Rf7 22. b5 Na7 23. c4 Rxf3 24. d4 exd4 25. Rxd4 Nc8 26. Rad1 Rxa3 27. R1d3 Ra1+ 28. Rd1 Ra2 29. R1d2 Ra3 30. R2d3 Rxd3 31. Rxd3 Be6 32. Rd4 Kf7 33. Kg2 Kf6 34. Kf3 Ke5 35. Ke3 Ne7 36. f4+ Kf6 37. h4 Nc8 38. h5 g5 39. hxg6 Kxg6 40. f5+ Bxf5 41. exf5+ Kxf5 42. Rd5+ Kg6 43. Kf4 Ne7 44. Rxd6+ Kh5 45. Rd7 Ng6+ 46. Ke3 Kh4 47. Rxb7 h5 48. Rxb6 Kg3 49. Rxg6+ Kh3 50. Rh6 h4 1-0

[Event "CYCC U08 w"]
[Site "Vancouver CAN"]
[Date "2012.07.04"]
[Round "4"]
[White "Tan, Kylie"]
[Black "Chertkow, Sasha"]
[Result "1/2-1/2"]
[WhiteElo "815"]
[BlackElo "816"]
[PlyCount "30"]
[GameId "2160767909508449"]
[EventDate "2012.07.03"]
[EventType "tourn"]
[EventRounds "8"]
[EventCountry "CAN"]
[SourceTitle "hb 2012"]

1. e4 e5 2. Nf3 Nc6 3. Nc3 Nf6 4. Bc4 Nxe4 5. Bxf7+ Kxf7 6. Nxe4 Kg8 7. O-O h6 8. d3 d5 9. Ng3 Bg4 10. h3 Bxf3 11. Qxf3 Nd4 12. Qg4 Qc8 13. Qxc8 Rxc8 14. c3 Ne6 15. Re1 Bd6 1/2-1/2

[Event "CYCC U08 w"]
[Site "Vancouver CAN"]
[Date "2012.07.04"]
[Round "5"]
[White "Guo, Hazel"]
[Black "Murray, Sarah"]
[Result "0-1"]
[WhiteElo "889"]
[BlackElo "387"]
[PlyCount "124"]
[GameId "2160767909508450"]
[EventDate "2012.07.03"]
[EventType "tourn"]
[EventRounds "8"]
[EventCountry "CAN"]
[SourceTitle "EXT 2022"]
[Source "ChessBase"]
[SourceDate "2021.10.06"]
[SourceVersion "1"]
[SourceVersionDate "2021.10.06"]
[SourceQuality "1"]

1. e4 c5 2. Na3 Nf6 3. d3 d6 4. Nf3 Nc6 5. Be2 Bg4 6. h3 Bxf3 7. Bxf3 Nd4 8. Be2 Nxe2 9. Qxe2 e5 10. O-O b5 11. c3 b4 12. cxb4 cxb4 13. Nc2 a5 14. Ne3 a4 15. Nf5 b3 16. axb3 axb3 17. Rxa8 Qxa8 18. Bd2 Qb7 19. f4 Be7 20. fxe5 dxe5 21. Nxe7 Qxe7 22. Qe1 O-O 23. Bb4 Qa7+ 24. Kh1 Rc8 25. Qf2 Qxf2 26. Rxf2 Rc1+ 27. Kh2 Rb1 28. Bc3 Nd7 29. Re2 f6 30. Re1 Rxe1 31. Bxe1 Nc5 32. Kg1 Nxd3 33. Kf1 Nxb2 34. Bc3 Nd3 35. Ke2 Nf4+ 36. Kf3 Nd3 37. Ke3 b2 38. Bxb2 Nxb2 39. g4 g5 40. Kf3 Nc4 41. Ke2 Nd6 42. Kf2 Nxe4+ 43. Kf3 Nd2+ 44. Ke3 Nf1+ 45. Kf2 Nd2 46. Kg3 e4 47. Kf2 Nc4 48. Ke2 Nd6 49. Ke3 Kf7 50. Ke2 Ke6 51. Ke3 Kd5 52. Ke2 Kd4 53. Kd2 e3+ 54. Ke2 Ne4 55. Ke1 Nc3 56. Kf1 Kd3 57. Ke1 h6 58. Kf1 Kd2 59. Kg2 e2 60. Kf3 e1=Q 61. Kg2 Qe2+ 62. Kg3 Ne4# 0-1

[Event "CYCC U08 w"]
[Site "Vancouver CAN"]
[Date "2012.07.04"]
[Round "5"]
[White "Zhao, Cindy Ziyi"]
[Black "Tan, Kylie"]
[Result "0-1"]
[WhiteElo "753"]
[BlackElo "815"]
[PlyCount "138"]
[GameId "2160767909508451"]
[EventDate "2012.07.03"]
[EventType "tourn"]
[EventRounds "8"]
[EventCountry "CAN"]
[SourceTitle "EXT 2022"]
[Source "ChessBase"]
[SourceDate "2021.10.06"]
[SourceVersion "1"]
[SourceVersionDate "2021.10.06"]
[SourceQuality "1"]

1. e4 e5 2. Nf3 Nc6 3. Nc3 Nf6 4. Bc4 Bb4 5. O-O O-O 6. d3 d6 7. Bg5 h6 8. Bh4 Bg4 9. Nd5 g5 10. Nxf6+ Qxf6 11. Bg3 Nd4 12. h3 Nxf3+ 13. gxf3 Bxf3 14. Qc1 Qg6 15. c3 Qh5 16. Kh2 g4 17. h4 d5 18. Bxd5 Be7 19. Rh1 Bxh1 20. Kxh1 Bxh4 21. Bxh4 Qxh4+ 22. Kg1 g3 23. fxg3 Qxg3+ 24. Kf1 Qh2 25. Qe3 Kh8 26. Qf2 Qxf2+ 27. Kxf2 f5 28. Ke3 c6 29. Bb3 f4+ 30. Kf3 Rad8 31. Rd1 h5 32. d4 exd4 33. cxd4 h4 34. Rh1 Rxd4 35. Rxh4+ Kg7 36. Rg4+ Kf6 37. Rxf4+ Ke7 38. Rxf8 Kxf8 39. e5 Rd8 40. e6 Re8 41. Kf4 Ke7 42. Kf5 Rd8 43. Bc4 Rd2 44. b4 Rc2 45. Bb3 Rb2 46. Ke4 Re2+ 47. Kf5 b6 48. Kf4 c5 49. b5 Rd2 50. Ke3 Rd8 51. a4 Rc8 52. Kd3 Rd8+ 53. Kc3 Ra8 54. Kd3 a6 55. bxa6 Rxa6 56. Kc4 Ra8 57. Kb5 Rc8 58. Kc4 Kxe6 59. Kc3+ Kd6 60. Kc4 Rb8 61. Kb5 Ra8 62. Kxb6 Rb8+ 63. Ka5 Rxb3 64. Ka6 c4 65. Ka5 c3 66. Ka6 c2 67. a5 c1=Q 68. Ka7 Qc7+ 69. Ka8 Qb8# 0-1

[Event "CYCC U08 w"]
[Site "Vancouver CAN"]
[Date "2012.07.04"]
[Round "6"]
[White "Guo, Hazel"]
[Black "Tan, Kylie"]
[Result "0-1"]
[WhiteElo "889"]
[BlackElo "815"]
[PlyCount "80"]
[GameId "2160767909508452"]
[EventDate "2012.07.03"]
[EventType "tourn"]
[EventRounds "8"]
[EventCountry "CAN"]
[SourceTitle "EXT 2022"]
[Source "ChessBase"]
[SourceDate "2021.10.06"]
[SourceVersion "1"]
[SourceVersionDate "2021.10.06"]
[SourceQuality "1"]

1. e4 e5 2. Nf3 Nc6 3. Nc3 Nf6 4. g3 Bc5 5. Bg2 d6 6. h3 Be6 7. d3 d5 8. O-O dxe4 9. dxe4 Qxd1 10. Rxd1 Rd8 11. Rxd8+ Nxd8 12. Nxe5 Nc6 13. Nxc6 bxc6 14. Bf4 Bb6 15. Na4 O-O 16. Nxb6 cxb6 17. Bf3 Bxh3 18. Kh2 Bg4 19. Bxg4 Nxg4+ 20. Kh3 Nxf2+ 21. Kg2 Nxe4 22. Bd6 Nxd6 23. Rd1 Nc4 24. Rd7 Nxb2 25. Rxa7 g5 26. Ra6 Nc4 27. Kf3 f5 28. Ke2 f4 29. g4 f3+ 30. Kf2 Nd2 31. Rxb6 Ne4+ 32. Kf1 f2 33. Rb1 Nd2+ 34. Kg2 Nxb1 35. Kf1 Nd2+ 36. Ke2 f1=Q+ 37. Kxd2 Qf3 38. Ke1 Re8+ 39. Kd2 Re2+ 40. Kd1 Qf1# 0-1